000 00442nam a2200181Ia 4500
001 22352
005 20260414150825.0
008 260414t2009||||xx |||||||||||||| ||spa||
041 _aESP
082 _a621.367
_bGF69
100 _aGonzalez, Rafael C.
_eAUT
245 0 _aDigital image processing using MATLAB
_b
260 _c2009
300 _axviii, 826 páginas :
_c\N
650 _aTCA
654 _aCET
942 _cLIB
_dJUS
_fJUS
_2ddc
_n
999 _c22352
_d22352